000 01164cam a2200289 a 4500
999 _c233667
_d233667
001 15133464
003 Nust
005 20170309160511.0
008 080109s2008 nyu 000 1 eng
010 _a 2008000934
020 _a9780349119953
040 _aDLC
_cDLC
_dDLC
042 _apcc
043 _af-bs---
050 1 0 _aPR6063.C326
_bM53 2008
082 0 0 _a823.914
_bSMI
100 1 _aMcCall Smith, Alexander,
_d1948-
245 1 4 _aThe miracle at Speedy Motors /
_cAlexander McCall Smith.
260 _aNew York :
_bPantheon Books,
_c2008.
300 _a249 p. ;
_c22 cm.
600 1 0 _aRamotswe, Precious
_c(Fictitious character)
_vFiction.
650 0 _aNo. 1 Ladies' Detective Agency (Imaginary organization)
_vFiction.
650 0 _aWomen private investigators
_zBotswana
_vFiction.
651 0 _aBotswana
_vFiction.
655 7 _aMystery fiction.
_2gsafd
906 _a7
_bcbc
_corignew
_d1
_eecip
_f20
_gy-gencatlg
942 _2ddc
_cBK